Italian vocabulary test - Statistics

General Stats
  • This quiz has been taken 183 times
  • The average score is 22 of 40
Answer Stats
Hint Answer % Correct
Grande Big
98%
Libro Book
94%
Verde Green
93%
Mare Sea
88%
Treno Train
88%
Sole Sun
85%
Finestra Window
85%
Strada Street
82%
Tavolo Table
82%
Occhio Eye
78%
Luce Light
74%
Salsa Sauce
74%
Cibo Food
68%
Forno Oven
61%
Camicia Shirt
61%
Cintura Belt
57%
Molto Many
57%
Acqua Water
54%
Per favore Please
50%
Ragazzo Boy
49%
Birra Beer
48%
Caldo Hot
48%
Riso Rice
48%
Coltello Knife
47%
Domenica Sunday
47%
Inghilterra England
46%
Nave Ship
46%
Calcio Football
42%
Insieme Together
41%
Camminare Walk
41%
Penna Pen
37%
Piatto Plate
37%
Profumo Perfume
36%
Ruota Wheel
36%
Albero Tree
34%
Specchio Mirror
32%
Palla Ball
30%
Gioielleria Jewelry
22%
Corda Rope
21%
Spazzolino Toothbrush
18%
No matching quizzes found
Score Distribution
Percent of People with Each Score
Percentile by Number Answered
Your Score History
You have not taken this quiz